|
|
|
|
| LEADER |
00000nam0a2200000 4500 |
| 001 |
192967 |
| 005 |
20231101224443.0 |
| 010 |
|
|
|a 7101047955
|
| 035 |
|
|
|a (RuTPU)RU\TPU\book\210397
|
| 090 |
|
|
|a 192967
|
| 100 |
|
|
|a 20110311d2005 m y0rusy50 ca
|
| 101 |
0 |
|
|a rus
|
| 102 |
|
|
|a RU
|
| 105 |
|
|
|a y z 000zy
|
| 200 |
1 |
|
|a История критики литературы Китая
|f Цзин Чжен Динг
|
| 210 |
|
|
|a Пекин
|c Книжное бюро
|d 2005
|
| 215 |
|
|
|a 447 с.
|
| 300 |
|
|
|a Книга на китайском языке
|
| 606 |
1 |
|
|a Китайский язык
|2 stltpush
|3 (RuTPU)RU\TPU\subj\14450
|9 40833
|
| 610 |
1 |
|
|a китайская литература
|
| 610 |
1 |
|
|a критика
|
| 610 |
1 |
|
|a история
|
| 610 |
1 |
|
|a китайские династии
|
| 610 |
1 |
|
|a даосизм
|
| 610 |
1 |
|
|a стили
|
| 686 |
|
|
|a Ш171.11
|v LBC/SL-A
|2 rubbk
|
| 700 |
|
0 |
|a Цзин Чжен Динг
|
| 801 |
|
1 |
|a RU
|b 63413507
|c 20110311
|
| 801 |
|
2 |
|a RU
|b 63413507
|c 20220602
|g RCR
|
| 942 |
|
|
|c BK
|